| 000 | 00652nam a2200241 a 4500 | ||
|---|---|---|---|
| 001 | 0001-1015 | ||
| 003 | ELIB.Books | ||
| 008 | 141023 2010 eng | ||
| 020 | _a10252290 | ||
| 035 | _a(ELIB.Books)0001-1169 | ||
| 092 |
_a230 _bWul |
||
| 100 | _aWulfhorst, Ingo | ||
| 245 |
_aAncestors, Spirits and Healing in Africa and Asia: _bA Challenge to the Church |
||
| 260 |
_aGeneva _bThe Lutheran World Federation _c2005 |
||
| 300 |
_a181 _c20.5 Cm |
||
| 500 | _aLibrary | ||
| 650 | _aTheology | ||
| 856 |
_nKBTS; Library _uKBTS; Elib. |
||
| 942 |
_2ddc _cBK |
||
| 990 | _a1 | ||
| 998 |
_cbat _e2014-10-23 |
||
| 999 |
_c11015 _d11015 |
||